000
00257nam a2200109 a 4500
001
000002047
005
20200929145818.0
008
090630s2004 000 spa d
245
0
_a
Canto a las MarĂas.
260
_a
Santo Domingo,
_c
2004.
999
_c
1911
_d
1911
040
_a
DO-SdBNP